ბათუმის შოთა რუსთაველის სახელმწიფო უნივერსიტეტის ბიბლიოთეკა

Энергоресурсы нефтеперерабатывающей и нефтехимической промышленности. (ბიბ.ჩანაწერი № 38380)

000 -LEADER
fixed length control field 00698nam a2200193Ia 4500
001 - CONTROL NUMBER
control field 4390
003 - CONTROL NUMBER IDENTIFIER
control field GE_BSU
008 - FIXED-LENGTH DATA ELEMENTS--GENERAL INFORMATION
fixed length control field 181216s||||||||xx |||||||||||||| ||und||
040 ## - CATALOGING SOURCE
Transcribing agency GE_BSU
080 ## - UNIVERSAL DECIMAL CLASSIFICATION NUMBER
Universal Decimal Classification number 658.261:66.013
100 ## - MAIN ENTRY--PERSONAL NAME
Personal name Клименко,В.Л. Костерин,Ю.В.
245 ## - TITLE STATEMENT
Title Энергоресурсы нефтеперерабатывающей и нефтехимической промышленности.
260 ## - PUBLICATION, DISTRIBUTION, ETC.
Place of publication, distribution, etc. Л.
260 ## - PUBLICATION, DISTRIBUTION, ETC.
Name of publisher, distributor, etc. Химия.
260 ## - PUBLICATION, DISTRIBUTION, ETC.
Date of publication, distribution, etc. 1985.
300 ## - PHYSICAL DESCRIPTION
Extent 256 стр.с илл. 20 см.
653 ## - INDEX TERM--UNCONTROLLED
Uncontrolled term Энергоресурсы нефтеперерабатывающей и нефтехимической промышленности.
942 ## - ADDED ENTRY ELEMENTS (KOHA)
Koha item type წიგნი
ეგზემპლარები
Withdrawn status Lost status Damaged status Not for loan Date acquired Barcode Date last seen Price effective from Koha item type Public note
        2018-12-17 9529 2018-12-17 2018-12-17 წიგნი საცავი